LIBRARY & INFORMATION CENTRE, KCAET, TAVANUR

ONLINE PUBLIC ACCESS CATALOGUE (OPAC)

Text book of concrete technology / (Record no. 2143)

MARC details
000 -LEADER
fixed length control field 00474cam a2200181ua 4500
003 - CONTROL NUMBER IDENTIFIER
control field OSt
008 - FIXED-LENGTH DATA ELEMENTS--GENERAL INFORMATION
fixed length control field 250619b |||||||| |||| 00| 0 eng d
041 ## - LANGUAGE CODE
Language code of text/sound track or separate title eng
082 ## - DEWEY DECIMAL CLASSIFICATION NUMBER
Classification number 624.1834
Item number KUL/TE
100 ## - MAIN ENTRY--AUTHOR NAME
Personal name Kulkarni, P D .
245 ## - TITLE STATEMENT
Title Text book of concrete technology /
250 ## - EDITION STATEMENT
Edition statement 1 /
260 ## - PUBLICATION, DISTRIBUTION, ETC. (IMPRINT)
Place of publication New Delhi :
Name of publisher Oxford & IBH Publishing company ,
Year of publication 1983.
300 ## - PHYSICAL DESCRIPTION
Number of Pages 320 ; .
700 1# - ADDED ENTRY--PERSONAL NAME
Personal name Ghosh, R K .
700 1# - ADDED ENTRY--PERSONAL NAME
Personal name Phull, Y R .
942 ## - ADDED ENTRY ELEMENTS (KOHA)
Koha item type Books
Holdings
Withdrawn status Lost status Damaged status Home library Current library Date acquired Full call number Accession Number Koha item type
      KAUAET KAUAET 20/08/1986 624.1834 KUL/TE 15421 Books
      KAUAET KAUAET 07/04/2012 624.1834 KUL/TE 16745 Books
free website counter